Political Economy of Immigration in Germany: Attitudes and Citizenship Aspirations
Saved in:
| Main Author: | |
|---|---|
| Other Authors: | |
| Format: | Book Chapter |
| Language: | English |
| Subjects: | |
| Tags: |
No Tags, Be the first to tag this record!
|
MARC
| LEADER | 00000naa a2200000 4500 | ||
|---|---|---|---|
| 001 | 0229037 | ||
| 005 | 20240502083617.1 | ||
| 041 | 0 | |a eng | |
| 044 | |a US | ||
| 245 | 1 | 0 | |a Political Economy of Immigration in Germany: Attitudes and Citizenship Aspirations |c Martin Kahanec, Mehmer Serkan Tosun |
| 610 | 2 | 0 | |a Nemecko |
| 610 | 2 | 0 | |a ekonómia politická |
| 610 | 2 | 0 | |a občianstvo štátne |
| 610 | 2 | 0 | |a politika migračná |
| 610 | 2 | 0 | |a situácia hospodárska |
| 100 | 1 | |a Kahanec, Martin, 1977- | |
| 700 | 1 | |a Tosun, Mehmet Serkan | |